365 daily affirmations for healthy and nurturing relationships / (Record no. 169459)

MARC details
000 -LEADER
fixed length control field 00516nam a22001817a 4500
005 - DATE AND TIME OF LATEST TRANSACTION
control field 20191121111501.0
010 ## - LCCN (DPL NO)
LC control number ENG-126950
020 ## - INTERNATIONAL STANDARD BOOK NUMBER
Terms of availability 150.00
International Standard Book Number 9789352825820
035 ## - SYSTEM CONTROL NUMBER
System control number EN-110482
037 ## - SOURCE OF ACQUISITION
Source of stock number/acquisition DBAD/PUB
082 ## - DEWEY DECIMAL CLASSIFICATION NUMBER
Classification number 613
100 ## - MAIN ENTRY--PERSONAL NAME
Personal name Yager, Jan
245 ## - TITLE STATEMENT
Title 365 daily affirmations for healthy and nurturing relationships /
Statement of responsibility, etc by Jan Yager
260 ## - PUBLICATION, DISTRIBUTION, ETC. (IMPRINT)
Name of publisher, distributor, etc DC Books
Date of publication, distribution, etc 2019
Place of publication, distribution, etc Kerala
270 ## - ADDRESS
Address Kottayam 686
Postal code 686001
City Kerala
300 ## - PHYSICAL DESCRIPTION
Extent 124p.
Dimensions 22cm(pbk)
942 ## - ADDED ENTRY ELEMENTS (KOHA)
Source of classification or shelving scheme Dewey Decimal Classification
Item type English Books
Classification part 613
Call number suffix YAG
Holdings
Withdrawn status Lost status Not for loan Collection code Home library Current library Date acquired Source of acquisition Cost, normal purchase price Full call number Barcode Copy number Cost, replacement price Koha item type
      Non-fiction Sarojini Nagar Sarojini Nagar 21/11/2019 DBAD/PUB 150.00 613 YAG EN-110482 1 150.00 English Books

© Delhi Public Library
Hit Counter
free hit counter